000 01821cam a22003974a 4500
001 14385572
005 20170105102919.0
008 060522s2007 dcu b 001 0 eng
010 _a 2006016477
015 _aGBA675225
_2bnb
016 7 _a013542352
_2Uk
020 _a9781597970624 (alk. paper)
035 _a(OCoLC)ocm69423194
040 _aDLC
_cDLC
_dBAKER
_dUKM
_dC#P
_dYUS
_dIXA
_dYDXCP
_dYDX
_dPUL
_dDLC
042 _apcc
050 0 0 _aCB251
_b.P274 2007
082 0 0 _a909/.09821
_222
100 1 _aPalmer, Michael A.
245 1 4 _aThe last crusade :
_bAmericanism and the Islamic reformation /
_cMichael A. Palmer.
250 _a1st ed.
260 _aWashington, D.C. :
_bPotomac Books,
_cc2007.
300 _ax, 273 p. ;
_c24 cm.
504 _aIncludes bibliographical references (p. 249-259) and index.
505 0 _a1. "Slay the idolaters wherever you find them" -- 2. "The ruin of civilization" -- 3. The rise of the West -- 4. "God's American Israel" -- 5. "The sick man of Europe" -- 6. War, oil, and Israel -- 7. "The Middle East version of Teddy Roosevelt" -- 8. The American crusade.
650 0 _aEast and West.
650 0 _aIslamic civilization
_xWestern influences.
650 0 _aIslamic modernism.
650 0 _aCivilization, Western
_y20th century.
650 0 _aCivilization, Western
_y21st century.
651 0 _aUnited States
_xCivilization
_y20th century
_xForeign public opinion, Muslim.
651 0 _aUnited States
_xCivilization
_y21st century
_xForeign public opinion, Muslim.
856 4 1 _3Table of contents only
_uhttp://www.loc.gov/catdir/toc/ecip0614/2006016477.html
906 _a7
_bcbc
_corignew
_d1
_eecip
_f20
_gy-gencatlg
942 _2ddc
_cBK
999 _c15496
_d15496